书目信息 |
| 题名: |
设计进行时-工业设计程序与方法教程
|
|
| 作者: | 许继峰 , 张寒凝 编著 | |
| 分册: | ||
| 出版信息: | 南宁 广西美术出版社 2009.02 |
|
| 页数: | 111页 | |
| 开本: | 26cm | |
| 丛书名: | ||
| 单 册: | ||
| 中图分类: | TB47 | |
| 科图分类: | ||
| 主题词: | 工业技术--通用 , 工业--设备--通用性 | |
| 电子资源: | ||
| ISBN: | 978-7-80746-638-3 | |
| 000 | 00738nam0 2200217 450 | |
| 001 | 1152 | |
| 005 | 20161008080911.87 | |
| 010 | @a978-7-80746-638-3@b平装@dCNY39.00 | |
| 100 | @a20160830d2009 km y0chiy0120 ea | |
| 101 | 0 | @achi |
| 200 | 1 | @a设计进行时-工业设计程序与方法教程@Ashe ji jin xing shi-gong ye she ji cheng xu yu fang fa jiao cheng@f许继峰,张寒凝编著@Fxu ji feng,zhang han ning bian zhu |
| 210 | @a南宁@c广西美术出版社@d2009.02 | |
| 215 | @a111页@d26cm | |
| 330 | @a工业设计-高等学校-教材 | |
| 606 | 0 | @a工业技术@x通用 |
| 606 | 0 | @a工业@x设备@x通用性 |
| 690 | @aTB47@v4 | |
| 701 | 0 | @a许继峰@Axu ji feng@4编著 |
| 701 | 0 | @a张寒凝@Azhang han ning@4编著 |
| 801 | 0 | @aCN@b唐山师范学院图书馆@c20160830 |
| 905 | @aZUCC@dTB47@e268 | |
| 设计进行时-工业设计程序与方法教程/许继峰,张寒凝编著.-南宁:广西美术出版社,2009.02 |
| 111页;26cm |
| ISBN 978-7-80746-638-3(平装):CNY39.00 |
| 工业设计-高等学校-教材 |
| ● |
| 相关链接 |
|
|
|
|
正题名:设计进行时-工业设计程序与方法教程
索取号:TB47/268
 
预约/预借
| 序号 | 登录号 | 条形码 | 馆藏地/架位号 | 状态 | 备注 |
| 1 | 907105 | 209071056 | 第二样本阅览室/ [索取号:TB47/268] | 在馆 | |
| 2 | 907106 | 209071065 | 第三借阅区/ [索取号:TB47/268] | 在馆 | |
| 3 | 907107 | 209071074 | 第三借阅区/ [索取号:TB47/268] | 在馆 | |
| 4 | 907108 | 209071083 | 第三借阅区/ [索取号:TB47/268] | 在馆 |